00223nam a2200085Ia 4500008004100000100002800041245003700069260002200106300000900128190216s9999||||xx |||||||||||||| ||und|| a"Atanco Dn, Ethanis Pp" 0aPractical Problems In Statistics bKitab Mahalc1952 a608p